Science Quiz

Random Science or Chemistry Quiz

Puzzle Hunt Dinner Party: Element Bunker Quiz Stats

 Plays Quiz not verified by Sporcle

Score 0/21 Timer 10:00
0 Plays Today
Hint Answer % Correct
????
100%
????
89.4%
????
87%
????
67.9%
????
62.6%
????
52.5%
????
45.9%
????
41.1%
????
35.9%
????
34%
????
32.3%
Hint Answer % Correct
????
27.3%
????
24.5%
????
21.4%
????
17.7%
????
14.5%
????
12.6%
????
9.3%
????
7.3%
????
5%
????
3%

You're not logged in!

Compare scores with friends on all Sporcle quizzes.
OR
Log In

Show Comments

Extras

Top Quizzes Today


Score Distribution

Your Account Isn't Verified!

In order to create a playlist on Sporcle, you need to verify the email address you used during registration. Go to your Sporcle Settings to finish the process.

Report this User

Report this user for behavior that violates our Community Guidelines.

Details: